Loading...
| Science - Chemistry | 0 | 8 | 4 | 2 | 60 | 54 | 88.38 | 3 | 5 | 14.34 | 37.31 |
| Religion | 0 | 5 | 0 | 1 | 50 | 73 | 111.80 | 1 | 1 | 5.12 | 18.44 |
| History - American | 0 | 4 | 0 | 2 | 40 | 89 | 118.50 | 0 | 1 | 2.39 | 9.71 |
| Science - Other | 0 | 4 | 1 | 3 | 35 | 65 | 107.75 | 0 | 1 | 4.93 | 11.42 |
| History - World | 0 | 3 | 0 | 0 | 30 | 70 | 84.33 | 0 | 1 | 6.81 | 15.10 |
| Current Events | 0 | 2 | 0 | 2 | 20 | 126 | 129.00 | 0 | 0 | 0.00 | 2.50 |
| Geography | 0 | 2 | 0 | 1 | 20 | 78 | 107.00 | 0 | 0 | 5.95 | 7.74 |
| Science - Physics | 0 | 2 | 2 | 0 | 10 | 102 | 114.50 | 0 | 0 | 1.44 | 4.31 |
| Mythology | 0 | 1 | 0 | 0 | 10 | 141 | 141.00 | 0 | 0 | 0.17 | 9.38 |
| Other Academic | 0 | 1 | 0 | 0 | 10 | 78 | 78.00 | 0 | 1 | 4.88 | 10.65 |
| Science - Biology | 0 | 1 | 0 | 0 | 10 | 101 | 101.00 | 0 | 0 | 1.42 | 3.92 |
| Literature - World | 0 | 0 | 0 | 0 | 0 | 0.00 | 0 | 0 | 0.00 | 0.00 | |
| History - European | 0 | 0 | 1 | 0 | -5 | 0.00 | 0 | 0 | 0.00 | 0.00 |